| 000 | 00578nam a22002177a 4500 | ||
|---|---|---|---|
| 003 | OSt | ||
| 005 | 20220107122901.0 | ||
| 008 | 211130b xxu||||| |||| 00| 0 eng d | ||
| 020 | _a9781786467454 | ||
| 040 | _cKUDSIT | ||
| 082 | _a005.8 CAL/N | ||
| 100 |
_aCalderon, Paulino _918759 |
||
| 245 |
_aNmap: _bNetwork exploration and security auditing cookbook |
||
| 250 | _a2 | ||
| 260 |
_aMumbai, _bPackt Publishing, _c2017. |
||
| 300 | _axix, 386 p. | ||
| 650 |
_aCOMPUTER SCIENCE _918760 |
||
| 650 |
_aNETWORK SECURITY _918761 |
||
| 650 |
_aNMAP _918762 |
||
| 942 |
_2ddc _cBK |
||
| 999 |
_c6871 _d6871 |
||